| 000 | 00451nam a2200157Ia 4500 | ||
|---|---|---|---|
| 008 | 240729s9999 xx 000 0 und d | ||
| 022 | _a2090-2565 | ||
| 245 | 0 | _aJournal of the Egyptian Women’s Dermatologic Society | |
| 260 | _aIndia | ||
| 260 | _bWolters Kluwer Medknow Publications | ||
| 650 | _a Dermatology | ||
| 650 | _aMedicine | ||
| 856 | _uhttps://doaj.org/toc/b287352b2a6848918ac35e51c7738670 | ||
| 942 | _2ddc | ||
| 942 | _cDOAJEJ | ||
| 999 |
_c65676 _d65676 |
||
| 945 |
_a1 _bMadushi Gamage _c1 _dMadushi Gamage |
||